Diagnostika podniku pôsobiacom v klastrovej iniciatíve diplomová práca

Guardado en:
Detalles Bibliográficos
Autor principal: Chovanová, Petra
Autor Corporativo: Fakulta podnikového manažmentu EU. Katedra podnikovohospodárska
Otros Autores: Deáková, Stanislava, 1974-
Formato: Libro
Lenguaje:eslovaco
Publicado: Bratislava 2017
Etiquetas: Agregar Etiqueta
Sin Etiquetas, Sea el primero en etiquetar este registro!

MARC

LEADER 00000nbm a2200000 4500
001 0235423
005 20171030105758.4
041 0 |a slo 
044 |a SK 
245 1 0 |a Diagnostika podniku pôsobiacom v klastrovej iniciatíve  |b diplomová práca  |c Petra Chovanová ; školiteľ: Stanislava Deáková 
264 1 |a Bratislava  |c 2017 
300 |a 85 s. 
100 1 |a Chovanová, Petra 
700 1 |a Deáková, Stanislava, 1974- 
710 2 |a Fakulta podnikového manažmentu EU. Katedra podnikovohospodárska